L'Obra realitzada : anys 1914-1919 / Mancomunitat de Catalunya anys 1914-1919 / Mancomunitat de Catalunya
Descripción Física:
373 p., [64] làm., [7] map. pleg. ; 22 cm
Materias:
Catalunya. Mancomunitat -- Memòries
MARC
| LEADER | 00000nam a2200000Ia 4500 | ||
|---|---|---|---|
| 001 | 473 | ||
| 008 | 160829s1919 xx 000 0 cat d | ||
| 080 | |a M-3-170 | ||
| 110 | 2 | |a Catalunya. |b Mancomunitat |9 53015 | |
| 245 | |a L'Obra realitzada : |b anys 1914-1919 / Mancomunitat de Catalunya | ||
| 260 | |a Barcelona : |b (Imp. de la Casa de Caritat), |c 1919 | ||
| 300 | |a 373 p., [64] làm., [7] map. pleg. ; |c 22 cm | ||
| 590 | |a Hi ha un duplicat a: DUP-24 | ||
| 650 | |a Catalunya. Mancomunitat |x Memòries |9 48463 | ||
| 856 | 4 | |u https://media.diba.cat/diba/fitxers/arxiu/mancomunitat/bib_473_1919_baixa.pdf |y Accés lliure | |
| 901 | |a Arxiu | ||
| 942 | |n 1 |2 udc | ||
| 952 | |0 0 |1 0 |4 0 |6 M3170 |7 1 |9 44726 |a Arxiu |b Arxiu |d 2016-12-01 |l 0 |o M-3-170 |p 473 |r 2016-12-01 00:00:00 |w 2016-12-01 |y ARXIU | ||
| 999 | |c 47308 |d 47308 | ||
| 900 | |a bib_473_1919_baixa.pdf | ||